10 Most Famous Cities in Luxembourg on a Map - Statistics

General Stats
  • This quiz has been taken 133 times
  • The average score is 6 of 11
Answers on the Map
Answers color-coded by a green-red scale on the quiz's map according to % correct below.
 
Answer Stats
Wiki Monthly Views Cityquiz Mention Rate Population Answers % Correct
100.43K 45.60% 134.70K Luxembourg City
98%
10.67K 1.94% 37.45K Esch-sur-Alzette
78%
5.33K 1.41% 22.04K Dudelange
63%
3.50K 0.63% 30.36K Differdange
53%
16.82K 1.31% 5.16K Schengen
52%
4.51K 0.43% 2.21K Vianden
51%
3.94K 0.66% 7.24K Diekirch
50%
3.67K 0.33% 6.12K Clervaux
47%
5.09K 0.42% 5.87K Echternach
44%
2.77K 0.33% 9.96K Ettelbruck
44%
2.91K 0.09% 5.43K Mondorf-les-Bains
28%
No matching quizzes found
Score Distribution
Percent of People with Each Score
Percentile by Number Answered
Your Score History
You have not taken this quiz